00655nam a22001937a 4500003000400000005001700004008004100021020001800062040002900080050002500109100004200134245007000176260003400246300003000280650003700310650004200347650005600389700001600445OSt20260608155626.0260608b |||||||| |||| 00| 0 eng d a9781412948999 cChuka University Library aLB 2831.92b.G3 2008 aGray Susan Penny, William A. Streshly aFrom Good Schools to Great Schools: What Their Principals Do Well aNew DelhibCorwin Pressc2008 axxvi, 157PbIllustrations aSchool Principals- United States aEducational Leadership- United States aSchool Management and Administration- United States aMarge Hobbs